Právne a morálne aspekty plagiátorstva
Definícia plagiátorstva. Plagiátorstvo ako inštitút morálky. Previazanosť plagiátorstva s právom a internetom. Uplatnenie sankcií za plagiátorstvo.
Enregistré dans:
| Auteur principal: | |
|---|---|
| Format: | Chapitre de livre |
| Langue: | slovaque |
| Sujets: | |
| Tags: |
Pas de tags, Soyez le premier à ajouter un tag!
|
MARC
| LEADER | 00000naa$a2200000$$$4500 | ||
|---|---|---|---|
| 001 | 0055317 | ||
| 005 | 20231127085858.0 | ||
| 041 | 0 | |a slo | |
| 044 | |a SK | ||
| 245 | 1 | 0 | |a Právne a morálne aspekty plagiátorstva |c Eduard Szattler |
| 520 | |a Definícia plagiátorstva. Plagiátorstvo ako inštitút morálky. Previazanosť plagiátorstva s právom a internetom. Uplatnenie sankcií za plagiátorstvo. | ||
| 610 | 2 | 0 | |a morálka |
| 610 | 2 | 0 | |a plagiátorstvo |
| 610 | 2 | 0 | |a právo |
| 610 | 2 | 0 | |a internet |
| 610 | 2 | 0 | |a sankcie |
| 610 | 2 | 0 | |a vlastníctvo duševné |
| 100 | 1 | |a Szattler, Eduard | |